000 00561nam a22001937a 4500
005 20170720151449.0
010 _aENG-119257
020 _a9789385288203
_c350.00
035 _aEN-102789
037 _bDBAD/PUB
082 _a921
100 _aPawar,Daya
245 _aBaluta /
_cby Daya Pawar, translated by Jerry Pinto
260 _aNew Delhi
_bSpeaking Tiger Publishing
_c2015
270 _a4381/4 ansari road, daryaganj
_bNew Delhi
_e110002
300 _axvi,299p.
_c20cm(Pbk)
700 _aPinto Jerry
942 _2ddc
_cEN
_h921
_mPAW
999 _c142733
_d142733